000 00965nam a2200301 a 4500
003 CHAP
005 20220329143641.0
008 101117s2009 mx 00010 spa d
010 _a99844
011 _a100816
020 _a9786074270518
035 _a111502
040 _cCHAP
090 _aCD - 261
110 0 _aMéxico. Secretaría de Gobernación
_977180
245 1 3 _aEl derecho sucesorio en México [Disco compacto]
_c/por México. Secretaría de Gobernación
260 _aMéxico, D.F. :
_bSEGOB,
_c2009
300 _a1 disco compacto ;
_c4 3/4 plgs.
590 _aBATCH-UPD
_b10
_c20130110
_lUCH01
_h1146
590 _aBATCH-UPD
_b10
_c20130410
_lUCH01
_h0731
590 _aBATCH-UPD
_b10
_c20130914
_lUCH01
_h1142
590 _aCONVERSION
_b10
_c20130109
_lUCH01
_h1355
650 0 4 _aDerecho sucesorio
_xMéxico.
_931911
650 0 4 _aDerecho
_xMéxico.
_931865
901 _aBK
942 _cCD
949 _aCD-261
_bBC
_cCD
_d33724002221892
_eCD
_i111502
_sb
999 _c99844
_d99844